000 00536nam a2200217 a 4500
999 _c4346
_d4346
003 BD-JhCC
005 20171126171221.0
008 171126s1970 e |||| || | 000 0 eng d
035 _a(BD-JhCC)
040 _aBD-JhCC
_dBD-JhCC
041 _aeng
082 _a822.33
_bMIC 1970
100 _aMichael
245 _aPlays from Dickens /
_cMichael & Mollie Hardwick
260 _aLondon :
_bJohn Murray,
_c1970
300 _a87 p. :
_c20 cm.
650 _aDrama
700 _aHardwick, Mollie
942 _2ddc
_cBK